Statistics for Jonathan Silverman Filmography

Click here to take the quiz!

General Stats

  • This quiz has been taken 3 times
    (2 since last reset)
  • The average score is 7 of 132

Answer Stats

TypeYearName% Correct
Film1989Weekend at Bernie's
100%
Film1993Weekend at Bernie's II
100%
TV Film199312:01
50%
Film2008Beethoven's Big Break
50%
Film2014Beethoven's Treasure Tail
50%
TV Show1984E/R
50%
TV Show1995Friends
50%
Web Series2023Goosebumps
50%
TV Show2004, 2005Kim Possible
50%
TV Show2021-2023Moonshine
50%
TV Show2017Rosewood
50%
TV Film1995Sketch Artist II: Hands That See
50%
Film199812 Bucks
0%
TV Show1994Aaahh!!! Real Monsters
0%
Film2015A Christmas Eve Miracle
0%
Film2021Adventures in Christmasing
0%
Film1991Age Isn't Everything
0%
Film2014A Magic Christmas
0%
Film2017Andover
0%
TV Show1994An Evening at the Improv
0%
Film2013Another Dirty Movie
0%
TV Show1996Arli$$
0%
Film2015Baby, Baby, Baby
0%
TV Show2016Baby Daddy
0%
Film2019Benchwarmers 2: Breaking Balls
0%
Theater1985-1986Biloxi Blues
0%
Film1992Blue Champagne
0%
TV Film2002Bobbie's Girl
0%
Film1998Border to Border
0%
Film1992Breaking the Rules
0%
Theater1985-1986Brighton Beach Memoirs
0%
Film1986Brighton Beach Memoirs
0%
TV Film1992Broadway Bound
0%
Theater1986-1988Broadway Bound
0%
Film1988Caddyshack II
0%
TV Show1995Caroline in the City
0%
TV Show2016Castle
0%
TV Film1985Challenge of a Lifetime
0%
Film1991Class Action
0%
TV Show2007Close to Home
0%
Film2006Coffee Date
0%
Film2011Conception
0%
Short Film2011Cookie
0%
TV Film1994Couples
0%
Film2013Crawlspace
0%
TV Film2003Crazy Love
0%
TV Show2004CSI: Miami
0%
TV Film2003Deacons for Defense
0%
Film1992Death Becomes Her
0%
TV Film2004DeMarco Affairs
0%
Film1998Denial
0%
Film2016Diani & Devine Meet the Apocalypse
0%
Film2000Dirk and Betty
0%
Film2007Farce of the Penguins
0%
FilmTBAFeeling Randy
0%
TV Film1992For Richer, for Poorer
0%
Film2018Frank and Ava
0%
TV Film1999Freak City
0%
TV Show2003Free for All
0%
TV Film1995French Exit
0%
Theater2012Frost/Nixon
0%
Film2013G.B.F.
0%
TV Show2015Getting On
0%
TV Show1984-1986Gimme a Break!
0%
Film1985Girls Just Want to Have Fun
0%
TV Film2000Good as Gold
0%
TV Show2021Good Girls
0%
TV Show2011GRΣΣK
0%
FilmTBAGrowing Up Gorman
0%
TV Show2007, 2008, 2009Head Case
0%
TV Show2012Hot in Cleveland
0%
Film2017Icky: An American Dog Story
0%
Music Video2023If You Like Pina Coladas
0%
TV Show2007In Case of Emergency
0%
Film2011Inkubus
0%
Film2001It Is What It Is
0%
TV Film2010Jack's Family Adventure
0%
Film2006Jam
0%
Film2007Jekyll
0%
Film1999Just a Little Harmless Sex
0%
TV Show2018K.C. Undercover
0%
Film2006Laura Smiles
0%
TV Show2014Law & Order: Special Victims Unit
0%
Film2001Lip Service
0%
Film1994Little Big League
0%
Film1992Little Sister
0%
TV Film1996London Suite
0%
Film2001Made
0%
TV Film2009Married Not Dead
0%
TV Show2010Medium
0%
Short Film2000Men Named Milo, Women Named Greta
0%
TV Show2003Miss Match
0%
TV Film2002Miss Miami
0%
TV Show2013Monday Mornings
0%
Film2011National Lampoon's Snatched
0%
Web Series2019No Good Nick
0%
TV Show2008NUMB3RS
0%
Theater2009Once in a Lifetime
0%
TV Show2011Paul the Male Matchmaker
0%
Film2019Pegasus: Pony with a Broken Wing
0%
TV Short2004Pryor Offenses
0%
TV Show2009Psych
0%
TV Show2005Related
0%
Film2017Robo-Dog: Airborne
0%
TV Show2018Salvation
0%
TV Show2018Scandal
0%
Film2013Self Storage
0%
Short Film2006Shoot
0%
TV Show2014Significant Mother
0%
TV Short2014Significant Mother: Jimmy Loves Your Mamma
0%
Web Series2020Station 19
0%
Film1988Stealing Home
0%
TV Show2017Still the King
0%
Film2011Swinging with the Finkels
0%
TV Show2018Take Two
0%
Film1994Teresa's Tattoo
0%
FilmTBAThe Change-Up Kid
0%
Film2004The Cookout
0%
Film2014The Hungover Games
0%
TV Film1998The Inspectors
0%
TV Film2000The Inspectors 2: A Shred of Evidence
0%
Film2005The Life Coach
0%
Film2001The Medicine Show
0%
Film1998The Odd Couple II
0%
Film2014The Opposite Sex
0%
Short Film1993The Pitch
0%
TV Film2001These Old Broads
0%
TV Show1995-1997The Single Guy
0%
Film2006The TV Set
0%
TV Film1989Traveling Man
0%
Film1996Two Guys Talkin' About Girls
0%
TV Show2011White Collar
0%

Score Distribution

Percentile by Number Answered

Percent of People with Each Score

Your Score History

You have not taken this quiz since the last reset